00373nam a22001457a 4500003000400000008004100004020001800045082001600063100003800079245002700117250001300144260004400157300001100201650001500212OSt250711b |||||||| |||| 00| 0 eng d a9789332575585 a150.287 ANP aANASTASI, Anne and URBINA, Susana aPsychological Testing, a7th. ed. aNoida,bPearson Education India,c2022, a628 p. aPsychology